000 01007cam a2200289 a 4500
001 4850300
003 OSt
005 20230620114941.0
008 910130s1992 nyu 001 0 eng
010 _a 91007342
020 _a0688108822 :
_c$21.00
040 _aDLC
_cDLC
_dDLC
050 0 0 _aJA83
_b.B2482 1992
082 0 0 _a320.5/13
_220
_bBAR
100 1 _aBarash, David P.
245 1 4 _aThe L word :
_ban unapologetic, thoroughly biased, long-overdue explication and celebration of liberalism /
_cDavid P. Barash.
250 _a1st ed.
260 _aNew York, N.Y. :
_bW. Morrow,
_cc1992.
300 _a233 p. ;
_c25 cm.
504 _aIncludes bibliographical references and index.
650 0 _aLiberalism.
650 0 _aConservatism.
650 0 _aRight and left (Political science)
906 _a7
_bcbc
_corignew
_d1
_eocip
_f19
_gy-gencatlg
942 _2ddc
_cBK
999 _c1663
_d1663